00802nam a2200217Ia 4500003000900000008004100009020001800050040001600068080001600084100002700100245018600127260004800313300001000361650001800371650002500389650002500414700002800439942000700467999001700474952009300491IN-BaIIA211028s9999 xx 000 0 eng d a0-521-45651-7 cIIA Library a521.81bPAS aPasachhoff, J M919655 4athe cambridge eclipse photography guidebhow and where to observe and photograph solar and lunar eclipsecJ M Pasachhoff and M A Covington  aCambridgebCambridge University Pressc1993 a135p. aEclipses9909 aLunar eclipses93371 aSolar eclipses91451 aCovington, M. A.919656 cBK c11415d11415 00104070aBANbBANcGENd1995-09-28l0o521.81/ PASp12330r2021-11-05w1995-09-28yBK